000 00693nam a22002651 4500
001 13055
003 BD-RjUL
005 20211208235410.0
008 140130s1956 ohu 001 0 eng
035 _a(BD-RjUL)13105
040 _aDLC
_cICU
_dDLC
_beng
041 _aeng
082 0 0 _a616.89
_bGOE 1956
100 1 _aGorman, Mike,
_d1913-
_940672
245 1 0 _aEvery other bed /
_cMike Gorman
250 _a[1st ed.]
260 _aCleveland :
_bWorld Pub. Co ,
_c1956
300 _a318 p. ;
_c22 cm.
504 _aIncludes index
650 0 _aMental illness
_zUnited States.
_940673
650 0 _aPsychiatry.
_940674
942 _2ddc
_cBK
999 _c13055
_d13055